Sahabat kole kacang
| Main Author: | |
|---|---|
| Other Authors: | |
| Format: | Book |
| Published: |
Bentong :
PTS One Sdn.Bhd ,
2006
|
| Subjects: |
MARC
| LEADER | 00000cam a2200000 7i4500 | ||
|---|---|---|---|
| 001 | 0000101246 | ||
| 005 | 20070409.0 | ||
| 020 | |a 9833357326 | ||
| 090 | 0 | 0 | |a JF |b AHM |
| 100 | 0 | |a Ahmad Zafran Abdul Mutalib | |
| 245 | 1 | 0 | |a Sahabat kole kacang |c Ahmad Zafran Abdul Mutalib & Mohd Faisal Nordin |
| 260 | |a Bentong : |b PTS One Sdn.Bhd , |c 2006 | ||
| 300 | |a 172p. ; |c 17cm. | ||
| 650 | 0 | 0 | |a Children's stories, Malay |
| 700 | 0 | |a Mohd Faisal Nordin | |
| 999 | |a 00193548 |b BUKU |c PINJAMAN |e PERPUSTAKAAN KOMUNITI PETALING JAYA | ||